<?xml version="1.0" encoding="UTF-8"?><?xml-stylesheet type="text/xsl" href="static/style.xsl"?><OAI-PMH xmlns="http://www.openarchives.org/OAI/2.0/" xmlns:xsi="http://www.w3.org/2001/XMLSchema-instance" xsi:schemaLocation="http://www.openarchives.org/OAI/2.0/ http://www.openarchives.org/OAI/2.0/OAI-PMH.xsd"><responseDate>2026-04-18T04:40:47Z</responseDate><request verb="GetRecord" identifier="oai:www.recercat.cat:20.500.12328/5273" metadataPrefix="marc">https://recercat.cat/oai/request</request><GetRecord><record><header><identifier>oai:recercat.cat:20.500.12328/5273</identifier><datestamp>2026-03-26T19:51:27Z</datestamp><setSpec>com_2072_67741</setSpec><setSpec>col_2072_484352</setSpec></header><metadata><record xmlns="http://www.loc.gov/MARC21/slim" xmlns:dcterms="http://purl.org/dc/terms/" xmlns:xsi="http://www.w3.org/2001/XMLSchema-instance" xmlns:doc="http://www.lyncode.com/xoai" xsi:schemaLocation="http://www.loc.gov/MARC21/slim http://www.loc.gov/standards/marcxml/schema/MARC21slim.xsd">
   <leader>00925njm 22002777a 4500</leader>
   <datafield ind2=" " ind1=" " tag="042">
      <subfield code="a">dc</subfield>
   </datafield>
   <datafield ind2=" " ind1=" " tag="720">
      <subfield code="a">Colombari, Ruggero</subfield>
      <subfield code="e">author</subfield>
   </datafield>
   <datafield ind2=" " ind1=" " tag="720">
      <subfield code="a">Marimon, Frederic</subfield>
      <subfield code="e">author</subfield>
   </datafield>
   <datafield ind2=" " ind1=" " tag="720">
      <subfield code="a">Mas-Machuca, Marta</subfield>
      <subfield code="e">author</subfield>
   </datafield>
   <datafield ind2=" " ind1=" " tag="260">
      <subfield code="c">2026-05-14</subfield>
   </datafield>
   <datafield ind2=" " ind1=" " tag="520">
      <subfield code="a">This study proposes a post-adoption socio-technical framework in which perceived functional capabilities of ChatGPT (technical dimension) and AI interaction preference (social dimension) mediate the relationship between ChatGPT usage frequency and user satisfaction. Drawing on continuance theory, expectation-confirmation theory, and socio-technical perspectives on human-technology co-adaptation, we developed a dual-mediation model and tested it using Structural Equation Modeling with data from 12,295 ChatGPT users. The results show that frequency alone is not a reliable predictor of satisfaction once social and technical mediators are considered. Specifically, satisfaction is activated through the progressive discovery of the technical tool's potential, including cognitive offloading, anthropomorphism, and other task-oriented capabilities, and through users' social preference for AI-based support over human interaction. The findings contribute to post-adoption and continuance research by offering a parsimonious socio-technical satisfaction activation model, a set of social and technical generative AI-specific activating mediators, and a perspective about the need for ad-hoc complementary technology adoption models for conversational large language model systems. As such, the study provides a foundation for future research to test, refine, and extend the proposed model across domains, as well as to enrich its technical and social constructs with additional context-specific mediators. At the practical level, the findings suggest moving beyond simply encouraging more frequent or responsible use of generative AI, and instead undertaking also complementary actions that address all the drivers of user satisfaction.</subfield>
   </datafield>
   <datafield ind1="8" ind2=" " tag="024">
      <subfield code="a">Colombari, Ruggero; Marimon, Frederic y Mas-Machuca, Marta. Does frequency of use enhance ChatGPT user satisfaction? The role of perceived functional capabilities and AI interaction preference. Computers in Human Behavior Reports, 2026, 22, 101016. Disponible en &lt;https://www.sciencedirect.com/science/article/pii/S2451958826000904>. Fecha de acceso: 25 mar. 2026. DOI: 10.1016/j.chbr.2026.101016</subfield>
   </datafield>
   <datafield ind1="8" ind2=" " tag="024">
      <subfield code="a">https://hdl.handle.net/20.500.12328/5273</subfield>
   </datafield>
   <datafield ind1="8" ind2=" " tag="024">
      <subfield code="a">https://doi.org/10.1016/j.chbr.2026.101016</subfield>
   </datafield>
   <datafield tag="653" ind2=" " ind1=" ">
      <subfield code="a">Artificial intelligence</subfield>
   </datafield>
   <datafield tag="653" ind2=" " ind1=" ">
      <subfield code="a">Chatbot</subfield>
   </datafield>
   <datafield tag="653" ind2=" " ind1=" ">
      <subfield code="a">ChatGPT</subfield>
   </datafield>
   <datafield tag="653" ind2=" " ind1=" ">
      <subfield code="a">Generative AI</subfield>
   </datafield>
   <datafield tag="653" ind2=" " ind1=" ">
      <subfield code="a">Human-AI interaction</subfield>
   </datafield>
   <datafield tag="653" ind2=" " ind1=" ">
      <subfield code="a">User satisfaction</subfield>
   </datafield>
   <datafield tag="653" ind2=" " ind1=" ">
      <subfield code="a">Intel·ligència artificial</subfield>
   </datafield>
   <datafield tag="653" ind2=" " ind1=" ">
      <subfield code="a">Bot de xat</subfield>
   </datafield>
   <datafield tag="653" ind2=" " ind1=" ">
      <subfield code="a">IA generativa</subfield>
   </datafield>
   <datafield tag="653" ind2=" " ind1=" ">
      <subfield code="a">Interacció humà-IA</subfield>
   </datafield>
   <datafield tag="653" ind2=" " ind1=" ">
      <subfield code="a">Satisfacció de l'usuari</subfield>
   </datafield>
   <datafield tag="653" ind2=" " ind1=" ">
      <subfield code="a">Inteligencia artificial</subfield>
   </datafield>
   <datafield tag="653" ind2=" " ind1=" ">
      <subfield code="a">Interacción entre humanos y IA</subfield>
   </datafield>
   <datafield tag="653" ind2=" " ind1=" ">
      <subfield code="a">Satisfacción del usuario</subfield>
   </datafield>
   <datafield ind2="0" ind1="0" tag="245">
      <subfield code="a">Does frequency of use enhance ChatGPT user satisfaction? The role of perceived functional capabilities and AI interaction preference</subfield>
   </datafield>
</record></metadata></record></GetRecord></OAI-PMH>